000 00518cam a22002171 4500
001 sa 65007004
003 DLC
005 20260227112146.0
008 940713s1965 ii 000 1 gujo
010 _asa 65007004
025 _aPL480:I-Gu-500
035 _a(OCoLC)30759496
040 _aDLC
_cCU
_dCU
_dDLC
042 _apremarc
050 0 0 _aPK1859.M463
_bS6
100 1 _aMehta, Sushila,
_d1922-
245 1 0 _aSohāgasindūra.
260 _c[1965?]
300 _a8, 232 p.
_c20 cm.
500 _aIn Gujarati.
999 _c64990
_d64990